| 000 | 00561nam a2200193Ia 4500 | ||
|---|---|---|---|
| 003 | GCL | ||
| 008 | 140319s9999 xx 000 0 ara d | ||
| 040 |
_aGCL / _cGCL |
||
| 082 | 0 | 4 |
_a254.3 _bا ن |
| 100 | 1 | _aاحمد فتحى بهنسى | |
| 245 | 1 | 0 |
_aنفقة المتعة بين الشريعة والقانون / _cاحمد فتحى بهنسى |
| 260 |
_a[S.N] : _bدار الشروق ، _c1988 |
||
| 300 | _a76 ص | ||
| 490 | _a | ||
| 650 | 0 | 4 | _aالنفقة |
| 650 | 0 | 4 | _aالاحوال الشخصية |
| 650 | 0 | 4 | _aالنفقات |
| 942 |
_2ddc _cBK |
||
| 999 |
_c56801 _d56801 |
||